00626nam a2200145Ia 4500999001700000082001700017245008500034260005200119300001000171650007600181650007500257700002300332942000700355952011800362 c12900d12900 a325.282 DYN; 0aDynamics of Argentine migration (1955-1984): democracy and the return of expatri aGenevabUnited Nations Research Institutec1987 a142p. aArgentina - Emigration and immigration - Government policy - 1955-1983  aArgentina - Emigration and immigration - Economic aspects - 1955-1983  aLattes, Alfredo E. cBK 00104070aNASSDOCbNASSDOCd2004-06-08i2004-10-22l0o325.282 DYN;p28440r2019-04-18 00:00:00w2019-04-18yBK